Ohrožený svět hmyzu /

Uložené v:
Podrobná bibliografia
Hlavní autori: Novák, Ivo, 1930- (Author), Spitzer, Karel, 1939- (Author)
Ďalší autori: Havel, Ladislav (Illustrator), Severa, František, 1924-2005 (Illustrator)
Médium: Kniha
Jazyk:Czech
Vydané: Praha : Academia, 1982.
Vydanie:1. vyd.
Edícia:Živou přírodou
ISBN: (viaz.)
Fyzický popis: 138 s. : obr., [24] s. fareb. fot. ; 21 cm.
Tagy: Pridať tag
Žiadne tagy, Buďte prvý kto otaguje tento záznam!

MARC

LEADER 00000nam a2200000 a 4500
001 000215521
005 20100107232939.0
008 991117s1982 xr cze d
020 |a (viaz.) 
040 |a SVKKK  |b slo  |c SVKKK  |e AACR2 
041 0 |a cze 
044 |a xr  |c CZ 
100 1 |a Novák, Ivo,  |d 1930-  |4 aut 
245 1 0 |a Ohrožený svět hmyzu /  |c Ivo Novák, Karel Spitzer ; fot. Ladislav Havel ; kresby František Severa. 
250 |a 1. vyd. 
260 |a Praha :  |b Academia,  |c 1982. 
300 |a 138 s. :  |b obr., [24] s. fareb. fot. ;  |c 21 cm. 
490 1 |a Živou přírodou 
500 |a Terminologický slovníček 
504 |a Prehľ. lit 
504 |a Názvový register 
700 1 |a Spitzer, Karel,  |d 1939-  |4 aut 
700 1 |a Havel, Ladislav  |4 ill 
700 1 |a Severa, František,  |d 1924-2005  |4 ill 
910 |a svkkk 
998 |a BK 
090 |g SCKHL  |k Sklad Pribinova 2. posch.  |a II.280917  |j 668205  |i 2720222202  |s Absenčne